000 01131cam a22002531 4500
001 e 35000275
003 DLC
005 20260227111225.0
008 860422s1935 dcua f000 0 eng c
010 _ae 35000275
035 _a(OCoLC)13470407
040 _aLibrary, U.S. Office of Education
_cPScU
_dDLC
042 _apremarc
050 0 0 _aL111
_b.A6 1935, no. 14
051 _aLA230
_b.K4
100 1 _aKelly, Frederick James,
_d1880-1959.
245 1 0 _aFederal student aid program,
_cby Fred J. Kelly, chief, Division of Higher Education, Office of Education, and John H. McNeely, research assistant, Division of Higher Education, Office of Education ... United States Department of the Interior, Harold L. Ickes, secretary. Office of Education, J. W. Studebaker, commissioner.
260 _aWashington,
_bU.S. Govt. Print. Off.,
_c1935.
300 _aiii, 39 p.
_btables.
_c23 cm.
490 0 _aUnited States. Office of Education. Bulletin 1935,
_vno. 14
650 0 _aEducation
_zUnited States
_xFinance.
650 0 _aStudents
_zUnited States.
700 1 _aMcNeely, John H.
_q(John Hamilton),
_d1884-1940,
_ejoint author.
999 _c21447
_d21447